| 000 | 00372nam a22001457a 4500 | ||
|---|---|---|---|
| 999 |
_c531924 _d531924 |
||
| 003 | NUST | ||
| 020 |
_a9789699290206 _qP/B. |
||
| 038 | _awaseem | ||
| 082 |
_a297.4 _bBAH |
||
| 100 |
_aBahoo, Sultan _925095 |
||
| 245 |
_aNur-ul-Huda: _bThe Light of Guidance / _cSultan Bahoo |
||
| 260 |
_aLahore : _bAl-Afireen Publications, _c2019. |
||
| 300 | _a327 p. ; | ||
| 942 |
_2ddc _cBK |
||